LEADER 00879nam0 2200253 450 001 000037053 005 20250205101522.0 010 $a88-464-5165-1 100 $a20250205d2004----km-y0itay50------ba 101 0 $aita 102 $aIT 105 $ay-------001yy 200 1 $aApprendimento in rete e condivisione delle conoscenze$eruolo, dinamiche e tecnologie delle comunità professionali online$fGuglielmo Trentin 210 $aMilano$cFranco Angeli$d2004 215 $a301 p.$d23 cm 410 0$12001 500 10$aApprendimento in rete e condivisione delle conoscenze$9736319 676 $v22$a658 700 1$aTrentin,$bGuglielmo$0148556 801 0$aIT$bUNIPARTHENOPE$c20250205$gREICAT$2UNIMARC 912 $a000037053 951 $aDISAE 511/135$b172 ex St.Az.$cNAVA2$d2025 996 $aApprendimento in rete e condivisione delle conoscenze$9736319 997 $aUNIPARTHENOPE